El documental chileno
Gespeichert in:
| 1. Verfasser: | |
|---|---|
| Format: | Buch |
| Sprache: | Spanisch |
| Veröffentlicht: |
Santiago
LOM
2005
|
| Ausgabe: | 1a. ed |
| Schriftenreihe: | Colección Ciencias Humanas
|
| Schlagworte: | |
| Tags: |
Tag hinzufügen
Keine Tags, Fügen Sie den ersten Tag hinzu!
|
MARC
| LEADER | 00000nam a2200000 a 4500 | ||
|---|---|---|---|
| 001 | UCK7841 | ||
| 003 | CL-VaPUC | ||
| 008 | 051216e20050000CL |||||||||||||||||spa|d | ||
| 020 | |a 9562827631 | ||
| 082 | 0 | 4 | |a 791.43 |b MOU |2 21 |
| 100 | |a Mouesca, Jacqueline |e autora |9 572803 | ||
| 245 | 1 | 3 | |a El documental chileno |
| 250 | |a 1a. ed | ||
| 300 | |a 155 p | ||
| 942 | |c BK | ||
| 945 | |d 20051216 00:00:00 |a jtorresc | ||
| 260 | |a Santiago |b LOM |c 2005 | ||
| 650 | 0 | |a Cine documental |9 328058 | |
| 650 | 0 | |a Historia y crítica |9 257407 | |
| 650 | 0 | |a Cinematografía |9 265198 | |
| 650 | 7 | |a DOCUMENTALES |2 CL-VaPUC |9 497502 | |
| 650 | 0 | |a Técnicas de comunicación |9 334811 | |
| 651 | 7 | |a CHILE |2 CL-VaPUC |9 497503 | |
| 583 | |a last modification |c 20051216 00:00:00 |k Rodrigo Vera | ||
| 490 | 0 | |a Colección Ciencias Humanas | |
| 999 | |c 315681 |d 315679 | ||
| 952 | |0 0 |1 0 |4 0 |6 791_430000000000000_MOU_2005 |7 0 |8 A |9 389277 |a BIBCUR |b BIBCUR |d 2019-11-22 |i 4193393 |o 791.43 MOU 2005 |p 4193393 |r 2025-04-22 |w 2019-11-22 |y BK |k MGC | ||